|
|
|
|
| LEADER |
00000nam0a2200000 4500 |
| 001 |
350036 |
| 005 |
20231102010248.0 |
| 035 |
|
|
|a (RuTPU)RU\TPU\retro\3521
|
| 090 |
|
|
|a 350036
|
| 100 |
|
|
|a 20181108d k y0rusy50 ca
|
| 101 |
0 |
|
|a rus
|
| 102 |
|
|
|a RU
|
| 105 |
|
|
|a y z 000zy
|
| 200 |
1 |
|
|a К вопросу о КПД силовых установок
|e [оттиск статьи]
|f И. Н. Бутаков
|
| 210 |
|
|
|a [Б. м.]
|c [Б. и.]
|
| 215 |
|
|
|a С. 59-64
|
| 316 |
|
|
|5 63413507: ШкА/2460
|a На титульном листе дарственная надпись: "Для библиотеки Томского политехнического ин-та от автора"
|
| 606 |
1 |
|
|a Электроды
|x Химия
|2 stltpush
|3 (RuTPU)RU\TPU\subj\70783
|9 84988
|
| 606 |
1 |
|
|a Теплоэнергетика
|2 stltpush
|3 (RuTPU)RU\TPU\subj\59823
|9 77320
|
| 610 |
1 |
|
|a КПД
|
| 610 |
1 |
|
|a теплосиловые установки
|
| 610 |
1 |
|
|a механические потери
|
| 610 |
1 |
|
|a электрические потери
|
| 610 |
1 |
|
|a теплотехника
|
| 610 |
1 |
|
|a котельные установки
|
| 610 |
1 |
|
|a ТЭЦ
|
| 610 |
1 |
|
|a коллекция ТПУ
|
| 610 |
1 |
|
|a дарственные надписи
|
| 610 |
1 |
|
|a дары автора
|
| 610 |
1 |
|
|a дары библиотеке
|
| 675 |
|
|
|a 544.6.076.32
|v 4
|
| 675 |
|
|
|a 621.1
|v 4
|
| 700 |
|
1 |
|a Бутаков
|b И. Н.
|c ученый-теплотехник
|c профессор Томского политехнического института
|f 1881-1970
|g Иннокентий Николаевич
|x TPU
|2 stltpush
|3 (RuTPU)RU\TPU\pers\18396
|
| 801 |
|
1 |
|a RU
|b 63413507
|c 20180329
|
| 801 |
|
2 |
|a RU
|b 63413507
|c 20191121
|g RCR
|
| 942 |
|
|
|c BK
|